000 00631nam a22001337a 4500
040 _cRUA
082 _aAVM BRA 2018 B654 Or.1
100 _aBRAK DARA ប្រាក់ ដារា
245 _ahemoparasites in cattle at tangsya commune, phnom srouch district, kampong speu province បរាសិតក្នុងឈាមគោនៅតាំស្យា ស្រុកភ្នំស្រួច ខេត្តកំពងស្ពឺ
260 _aRUA
_bPhnom penh
_c2018
300 _aix;33p
_bill;
_c29cm
856 _uhttps://drive.google.com/file/d/12LH62gjwyEsAPGI--ZKMourCwtVw28EF/view?usp=sharing
942 _cAVM
999 _c18518
_d18518